Tarteso y los fenicios de Occidente
Saved in:
| Hovedforfatter: | |
|---|---|
| Andre forfattere: | |
| Format: | Ukendt |
| Sprog: | engelsk |
| Udgivet: |
Madrid, España.
Editorial Almuzara,
2020
|
| Udgivelse: | Primera edición |
| Fag: | |
| Tags: |
Tilføj Tag
Ingen Tags, Vær først til at tagge denne postø!
|
MARC
| LEADER | 00000 a2200000 4500 | ||
|---|---|---|---|
| 003 | CL-VaPUC | ||
| 005 | 20211005161616.0 | ||
| 008 | 210422b ||||| |||| 00| 0 eng d | ||
| 999 | |c 432831 |d 432829 | ||
| 020 | |a 9788417954796 | ||
| 040 | |c Pontificia Universidad Católica de Valparaíso | ||
| 082 | |a 936.602 CEL 2020 | ||
| 100 | 1 | |a Celestino Pérez, Sebastián |9 860655 | |
| 245 | 1 | |a Tarteso y los fenicios de Occidente | |
| 250 | |a Primera edición | ||
| 260 | |a Madrid, España. |b Editorial Almuzara, |c 2020 | ||
| 300 | |a 451 páginas | ||
| 583 | |k Cristina Rojas |c 20210422 | ||
| 650 | 0 | |a Fenicios |9 437486 | |
| 651 | |a Tarteso |y Siglo 12 a.C.- Siglo 5 a.C. |z Mediterráneo Occidental |9 862918 | ||
| 700 | |a López-Ruiz, Carolina |9 862551 | ||
| 942 | |2 ddc |c BK | ||
| 952 | |0 0 |1 0 |2 ddc |4 0 |6 936_602000000000000_CEL_2020 |7 0 |8 A |9 578649 |a BIBHIS |b BIBHIS |d 2021-08-20 |e 36 |g 0.00 |i 5587956 |o 936.602 CEL 2020 |p 5587956 |r 2025-01-20 |t 1 |v 0.00 |w 2021-08-20 |y BK |k HIS | ||
| 952 | |0 0 |1 0 |2 ddc |4 0 |6 936_602000000000000_CEL_2020 |7 0 |8 A |9 579028 |a BIBHIS |b BIBHIS |d 2021-10-26 |e 52 |g 22070.66 |i 5589401 |o 936.602 CEL 2020 |p 5589401 |r 2025-01-20 |t 2 |v 22070.66 |w 2021-10-26 |y BK |k HIS | ||